8000 địa chỉ internet Việt Nam và quốc tế
Sách trình bày các thao tác căn bản để bạn đọc có thể khai thác sử dụng được internet và các tiện ích của nó như web, email, chat. Và đề cập đến các trang web cần thiết tại Việt Nam và phần cuối cùng là những trang vàng Quốc tế....
Salvato in:
| Autore principale: | |
|---|---|
| Natura: | Libro |
| Lingua: | Undetermined |
| Pubblicazione: |
Hà Nội
Thống kê
2005
|
| Soggetti: | |
| Tags: |
Aggiungi Tag
Nessun Tag, puoi essere il primo ad aggiungerne! !
|
| Thư viện lưu trữ: | Trung tâm Học liệu Trường Đại học Cần Thơ |
|---|
| LEADER | 01011nam a2200205Ia 4500 | ||
|---|---|---|---|
| 001 | CTU_113035 | ||
| 008 | 210402s9999 xx 000 0 und d | ||
| 020 | |c 51000 | ||
| 082 | |a 025.04 | ||
| 082 | |b Kh401 | ||
| 100 | |a Nguyễn, Văn Khoa | ||
| 245 | 0 | |a 8000 địa chỉ internet Việt Nam và quốc tế | |
| 245 | 0 | |c Nguyễn Văn Khoa, Lê Quốc Toàn và Nguyễn Dương Thanh | |
| 260 | |a Hà Nội | ||
| 260 | |b Thống kê | ||
| 260 | |c 2005 | ||
| 520 | |a Sách trình bày các thao tác căn bản để bạn đọc có thể khai thác sử dụng được internet và các tiện ích của nó như web, email, chat. Và đề cập đến các trang web cần thiết tại Việt Nam và phần cuối cùng là những trang vàng Quốc tế. | ||
| 650 | |a Internet addresses,Web sites,Internet searching,Web search engines | ||
| 904 | |i Minh | ||
| 980 | |a Trung tâm Học liệu Trường Đại học Cần Thơ | ||